00436nam a2200181 a 4500001001300000003000900013005001700022008004100039020000900080082001600089100002300105245002000128260003600148300001000184500003500194505001000229650001500239nice12345678IN_TiNIC20260116012019.0050524s1978 laha grp 000 0 eng  ac1500a297.64bSHA aShad, Abdur Rahman aAli Al-Murtaza. aLahorebKazi Publicationsc1978 a107p. aincludes index and biblioraphy2 aIndex aAli-Caliph